00281nam a2200097Ia 4500008004100000041000800041100003000049245005400079260003100133999001900164241105s9999 xx 000 0 und d aeng aNimbalkar Shalaka9182664 aUrban Micro Climate Analysis Of Pune City : Aundh bBNCA M Arch EA, Punec2014 c360955d360955